• 首页
  • 本馆介绍
  • 公告通知
  • 最新文献
  • 馆藏检索
  • 电子资源
  • 读者导购
  • 参考咨询
  • 我的图书馆
  • 登录
  • 详细信息显示
  • 放入我的书架
  • 预约/预借图书
  • 作者相关作品
  • 分类相关作品
  • 丛书相关作品
  • 出版社相关作品

书目信息

  • 表格格式
  • 工作单格式
  • 卡片格式
题名:
腐蚀及化学耐腐蚀材料
    
 
作者: 波略科夫 著 ;火时中 译
分册:  
出版信息: 北京   化学工业出版社  1957
页数: 356页
开本: 21cm
丛书名:
单 册:
中图分类: TQ050.9
科图分类:
主题词: 化工机械 , 化工设备
电子资源:
ISBN:
000 00730nam0 2200241 450
001 0654287900
005 20060302150835.26
010    @dCNY1.90
091    @a15063.0113
100    @a20060302d1957 km y0chiy0120 ea
101 0  @achi
102    @aCN@b110000
102    @aCN@b110000
200 1  @a腐蚀及化学耐腐蚀材料@Afu shi ji hua xue nai fu shi cai liao@f(苏)К·А·波略科夫等著@F(su)К·А·bo lue ke fu deng zhu@g火时中等译@Ghuo shi zhong deng yi
210    @a北京@c化学工业出版社@d1957
215 1  @a356页@d21cm
606 0  @a化工机械
606 0  @a化工设备
690    @aTQ050.9@v4
701  0 @a波略科夫@Abo lue ke fu@4著
702  0 @a火时中@Ahuo shi zhong@4译
801  0 @aCN@bPFT@c20060302
905    @a10447@dTQ050.9@e3
    
    腐蚀及化学耐腐蚀材料/(苏)К·А·波略科夫等著/火时中等译.-北京:化学工业出版社,1957
    356页;21cm
    
    
    ISBN :CNY1.90
    
●
相关链接 在E读中查询图书 在五车中查询图书 在当当中查询图书 在豆瓣中查询图书


正题名:腐蚀及化学耐腐蚀材料     索取号:TQ050.9/3         预约/预借

序号 登录号 条形码 馆藏地/架位号 状态 备注
1 0017193   202196747   密集书库/ [索取号:TQ050.9/3] 在馆    
唐山师范学院图书馆 欢迎您!
大连网信软件有限公司© 版权所有